Obálka Náhled e-knihy:
PDF Epub
Pro půjčování e-knih musíte být přihlášeni.
Jak si půjčit online?

Směna /

Příběh o křehkosti současné mladé ženy, která ve svém letu nevyhnutelně naráží do skla globalizované cizoty, vlastní osamělosti i osudu.

Uloženo v:
Hlavní autor: Háblová, Anna Beata, 1983- (Autor)
Médium: E-kniha
Jazyk:Czech
Vydáno: Brno : Host, 2022
Vydání:První vydání
Témata:
On-line přístup:Online verze
Tagy:
Žádné tagy
LEADER 02255nam a2200385 i 4500
001 311692
003 CZ PrSKC
005 20260601215710.0
007 ta
008 220927s2022 xr g 000 f cze
015 |a cnb003457371 
020 |a 9788027513581  |q (brožováno) 
035 |a (OCoLC)1357138830 
040 |a ABG001  |b cze  |d ABA001  |e rda 
072 7 |a 821.162.3-3  |x Česká próza  |2 Konspekt 
080 |a 821.162.3-31  |2 MRF 
080 |a (0:82-31)  |2 MRF 
100 1 |a Háblová, Anna Beata,  |d 1983-  |7 mzk2013749004  |4 aut 
245 1 0 |a Směna /  |c Anna Beata Háblová 
250 |a První vydání 
264 1 |a Brno :  |b Host,  |c 2022 
300 |a 216 stran ;  |c 21 cm 
336 |a text  |b txt  |2 rdacontent 
337 |a bez média  |b n  |2 rdamedia 
338 |a svazek  |b nc  |2 rdacarrier 
500 |a Obálkový podnázev: román 
520 2 |a Příběh o křehkosti současné mladé ženy, která ve svém letu nevyhnutelně naráží do skla globalizované cizoty, vlastní osamělosti i osudu.  |b Mladá výtvarnice Petra balancuje mezi touhou po úspěchu a odvržením všeho tvůrčího. Jako ostře řezané reliéfy se v ní vynořují vzpomínky na studium malby i zasuté osobní trauma. A pak je zde neradostná přítomnost, monotónní práce pokladní v supermarketu, k níž se z pragmatických důvodů uchyluje. Její vnitřní boje jsou konfrontovány s nelítostnými světy prodejny, uměleckého provozu i jejím (většinou nerovným) milostným zápasem. Vášeň pro opravdovost dovádí hrdinku až k hranicím sebevyjádření, vztahu, a nakonec i zákona. Nakladatelská anotace. 
655 7 |a české romány  |7 fd133974  |2 czenas 
655 9 |a Czech fiction  |2 eczenas 
856 4 1 |u https://www.bookport.cz/kniha/smena-11301/  |y Online verze  |4 N 
900 |a ABA001  |b 21 
044 |a xr 
910 |a RBIT002 
998 |d 361656  |a https://core.palmknihy.cz/api/books/361656/cover?rjbxjv  |b https://core.palmknihy.cz/api/books/361656/cover/400?rjbxjv  |c https://core.palmknihy.cz/api/books/361656/cover/50?rjbxjv  |e 2029-12-31  |g 216  |i 9788027513581  |j https://core.palmknihy.cz/api/books/361656/preview.epub  |k https://core.palmknihy.cz/api/books/361656/preview.pdf  |l   |q 49  |r 1  |s https://www.palmknihy.cz/kniha/361656  |t ebook  |y 2022  |z 0 
999 |d 311690